000 00337 a2200157 4500
001 159371
020 _a
040 _cMagnum
100 _aEd. Abril
240 1 0 _aRevista recreio : mes de junho
_lpor
245 1 0 _aRevista recreio : mes de junho
362 0 _a1899
440 1 _aAbril
697 _aMAGNITO: J/GERAL
942 _cBK
999 _c159371
_d159371